Biología fundamental y de la salud / (Record no. 23610)

000 -CABECERA
fixed length control field 01159nam a22002777i 4500
003 - IDENTIFICADOR DEL NÚMERO DE CONTROL
control field AR-CdUCM
008 - DATOS DE LONGITUD FIJA--INFORMACIÓN GENERAL
fixed length control field 260420b sp ado|| |||| 00| 0 spa d
020 ## - NÚMERO INTERNACIONAL ESTÁNDAR DEL LIBRO
ISBN 978-84-9022-875-3
040 ## - FUENTE DE LA CATALOGACIÓN
Agencia/entidad que catalogó originalmente la obra MUNICIPALIDAD PROVINCIAL DEL CUSCO
Entidad que transcribió la catalogación BIBLIOTECA MUNICIPAL DEL CUSCO
082 ## - NÚMERO DE LA CLASIFICACIÓN DECIMAL DEWEY
No. de Clasificación 574
Notacion interna G14
100 ## - ENTRADA PRINCIPAL--NOMBRE DE PERSONA
Nombre Personal Galán Romero, Rafael - Torronteras Santiago, Rafael
245 ## - MENCIÓN DE TÍTULO
Título Biología fundamental y de la salud /
260 ## - PUBLICACIÓN, DISTRIBUCIÓN, ETC.
Lugar de publicación, distribución, etc. Barcelona, España :
Nombre de la editorial, distribuidor, etc. Elsevier España
Fecha de publicación, distribución, etc. 2015
300 ## - DESCRIPCIÓN FÍSICA
Nº de Páginas Extensión 336 páginas. :
Dimensiones 17x24 cm.
500 ## - NOTA GENERAL
Bibliografía Bibliografía : páginas del 323- 326
505 ## - NOTA DE CONTENIDO CON FORMATO
Nota de contenido formateada Bioquímica -- Bioelementos, Biomoléculas inorgánicas -- Glúcidos, hidratos de carbono o azúcares -- Monosacáridos -- Oligosacáridos -- Polisacáridos -- Lípidos -- Ácidos grasos -- Proteínas, enzimas y hormonas -- Citología eucariótica -- Microbiología, inmunología y genética
650 ## - PUNTO DE ACCESO ADICIONAL DE MATERIA--TÉRMINO DE MATERIA
Descriptor Biología
9 (RLIN) 881
650 ## - PUNTO DE ACCESO ADICIONAL DE MATERIA--TÉRMINO DE MATERIA
Descriptor Salud
9 (RLIN) 8684
650 ## - PUNTO DE ACCESO ADICIONAL DE MATERIA--TÉRMINO DE MATERIA
Descriptor Bioquímica
9 (RLIN) 52602
650 ## - PUNTO DE ACCESO ADICIONAL DE MATERIA--TÉRMINO DE MATERIA
Descriptor Microbiología
9 (RLIN) 52603
650 ## - PUNTO DE ACCESO ADICIONAL DE MATERIA--TÉRMINO DE MATERIA
Descriptor Inmunología
9 (RLIN) 21086
650 ## - PUNTO DE ACCESO ADICIONAL DE MATERIA--TÉRMINO DE MATERIA
Descriptor Genética
9 (RLIN) 5063
942 ## - ELEMENTOS DE PUNTO DE ACCESO ADICIONAL (KOHA)
Fuente de clasificación
Tipo de item Libros-BMC
945 ## - PROCESAMIENTO DE INFORMACIÓN LOCAL (OCLC)
Catalogador esh
AAAA-MM-DD - Fecha de ingreso o modificacion 20-04-2026
Holdings
Estado de retiro (separado) Fuente de clasificación o esquema de estanterías Estado dañado Ubicación Sala donde se ubica Nombre de la colección Fecha de adquisición o compra Fuente de adquisición Costo, precio normal en soles Signatura topográfica Código de Barras Última vez visto (Koha) Tipo de ítem (Koha)
No     Sala Ciencias Sala Ciencias Book Cart 2026-04-20 Donación 70.00 574 / G14 SC0000002467 2026-04-20 Libros-BMC

Powered by Koha